Library Banner

Beginning and intermediate Algebra / (Record no. 140265)

MARC details
000 -LEADER
fixed length control field 00714nam a22002417a 4500
005 - DATE AND TIME OF LATEST TRANSACTION
control field 20260330114603.0
008 - FIXED-LENGTH DATA ELEMENTS--GENERAL INFORMATION
fixed length control field 260330b |||||||| |||| 00| 0 eng d
020 ## - INTERNATIONAL STANDARD BOOK NUMBER
International Standard Book Number 97812605706670
040 ## - CATALOGING SOURCE
Transcribing agency PK-LaUMT
082 ## - DEWEY DECIMAL CLASSIFICATION NUMBER
Classification number 512.9
Item number MES-B
100 1# - MAIN ENTRY--PERSONAL NAME
Personal name Messersmith, Sherri
245 10 - TITLE STATEMENT
Title Beginning and intermediate Algebra /
Statement of responsibility, etc by Sherri Messersmith, Nathalie M. Vega-Rhodes and Robert S. Feldman
250 ## - EDITION STATEMENT
Edition statement 5th ed.
260 ## - PUBLICATION, DISTRIBUTION, ETC. (IMPRINT)
Place of publication, distribution, etc New York :
Name of publisher, distributor, etc McGraw-Hill,
Date of publication, distribution, etc 2021
300 ## - PHYSICAL DESCRIPTION
Extent xxi, 1028 p.
500 ## - GENERAL NOTE
General note Index present
546 ## - LANGUAGE NOTE
Language note Eng
650 ## - SUBJECT ADDED ENTRY--TOPICAL TERM
Topical term or geographic name as entry element Geometry
650 ## - SUBJECT ADDED ENTRY--TOPICAL TERM
Topical term or geographic name as entry element Linear equations
700 1# - ADDED ENTRY--PERSONAL NAME
Personal name Vega-Rhodes, Nathalie M.
700 1# - ADDED ENTRY--PERSONAL NAME
Personal name Feldman, Robert S.
942 ## - ADDED ENTRY ELEMENTS (KOHA)
Koha item type Books
Holdings
Withdrawn status Lost status Damaged status Home library Current library Date acquired Full call number Barcode Date last seen Price effective from Koha item type
      UMT Main Campus UMT Main Campus 2026-03-30 512.9 MES-B 151925 2026-03-30 2026-03-30 Books